MARC details
| 000 -CABECERA |
| campo de control de longitud fija |
01040nam a2200277 a 4500 |
| 001 - NÚMERO DE CONTROL |
| campo de control |
000011799 |
| 003 - IDENTIFICADOR DEL NÚMERO DE CONTROL |
| campo de control |
DO-SdBNP |
| 005 - FECHA Y HORA DE LA ÚLTIMA TRANSACCIÓN |
| campo de control |
20250318140606.0 |
| 008 - DATOS DE LONGITUD FIJA--INFORMACIÓN GENERAL |
| campo de control de longitud fija |
091027s1991 mx 000 0 spa d |
| 020 ## - NÚMERO INTERNACIONAL ESTÁNDAR DEL LIBRO |
| Número Internacional Estándar del Libro |
9681321995 |
| 040 ## - FUENTE DE LA CATALOGACIÓN |
| Centro catalogador/agencia de origen |
DO-SdBNP |
| Lengua de catalogación |
spa |
| Centro/agencia transcriptor |
BNPHU |
| 041 17 - CÓDIGO DE LENGUA |
| Código de lengua del texto/banda sonora o título independiente |
spa |
| Código de lengua original |
eng |
| Fuente del código |
Código de idioma MARC |
| 049 ## - FONDOS LOCALES (OCLC) |
| Fondos de biblioteca |
BNGR |
| 082 ## - NÚMERO DE LA CLASIFICACIÓN DECIMAL DEWEY |
| Número de clasificación |
923.945 |
| Número de documento/Ítem |
M861c, 1991 |
| 100 1# - ENTRADA PRINCIPAL--NOMBRE DE PERSONA |
| Nombre de persona |
Morison, Samuel Eliot, |
| Fechas asociadas al nombre |
1887-1976 |
| 9 (RLIN) |
4889 |
| 240 10 - TÍTULO UNIFORME |
| Título uniforme |
Christopher columbus, mariner, |
| Lenguaje de la obra |
español. |
| 245 10 - MENCIÓN DE TÍTULO |
| Título |
Cristóbal colón, marino / |
| Mención de responsabilidad, etc. |
Samuel Eliot Morison ; traducción, Haroldo Dies. |
| 250 ## - MENCIÓN DE EDICIÓN |
| Mención de edición |
2a ed. |
| 260 ## - PUBLICACIÓN, DISTRIBUCIÓN, ETC. |
| Lugar de publicación, distribución, etc. |
México : |
| Nombre del editor, distribuidor, etc. |
Diana, |
| Fecha de publicación, distribución, etc. |
1991. |
| 300 ## - DESCRIPCIÓN FÍSICA |
| Extensión |
238 p. : |
| Otras características físicas |
il., mapas ; |
| Dimensiones |
21 cm. |
| 534 ## - NOTA SOBRE LA VERSIÓN ORIGINAL |
| Frase introductoria |
Título original en inglés: |
| Mención de título del original |
Christopher columbus, mariner |
| Publicación, distribución, etc. del original |
Little, Brown and Company, 1955. |
| 600 10 - PUNTO DE ACCESO ADICIONAL DE MATERIA--NOMBRE DE PERSONA |
| Nombre de persona |
COLÓN, CRISTÓBAL, |
| Fechas asociadas al nombre |
1451-1506 |
| Subdivisión general |
CRÍTICA E INTERPRETACIÓN |
| 9 (RLIN) |
27932 |
| 651 #0 - PUNTO DE ACCESO ADICIONAL DE MATERIA--NOMBRE GEOGRÁFICO |
| Nombre geográfico |
América -- |
| Subdivisión general |
Descubrimiento y exploración -- |
| -- |
Españoles |
| Subdivisión de forma |
Ensayo, conferencias, etc. |
| 9 (RLIN) |
544 |
| 700 1# - PUNTO DE ACCESO ADICIONAL--NOMBRE DE PERSONA |
| Nombre de persona |
Dies, Haroldo, |
| Término indicativo de función/relación |
tr. |
| 9 (RLIN) |
27934 |
| 942 ## - ELEMENTOS DE PUNTO DE ACCESO ADICIONAL (KOHA) |
| Fuente del sistema de clasificación o colocación |
Dewey Decimal Classification |
| Tipo de ítem Koha |
Libro |